MyGZULibrary

Assessment in youth justice / (Record no. 2591)

MARC details
000 -LEADER
fixed length control field 01389cam a2200397 a 4500
001 - CONTROL NUMBER
control field 16898558
003 - CONTROL NUMBER IDENTIFIER
control field GZU
005 - DATE AND TIME OF LATEST TRANSACTION
control field 20201104090236.0
008 - FIXED-LENGTH DATA ELEMENTS--GENERAL INFORMATION
fixed length control field 110801s2011 enka b 001 0 eng
010 ## - LIBRARY OF CONGRESS CONTROL NUMBER
LC control number 2011290534
015 ## - NATIONAL BIBLIOGRAPHY NUMBER
National bibliography number GBB0A8336
Source bnb
016 7# - NATIONAL BIBLIOGRAPHIC AGENCY CONTROL NUMBER
Record control number 015644950
Source Uk
020 ## - INTERNATIONAL STANDARD BOOK NUMBER
International Standard Book Number 9781847426376 (hbk.)
020 ## - INTERNATIONAL STANDARD BOOK NUMBER
International Standard Book Number 9781847426369 (pbk.)
020 ## - INTERNATIONAL STANDARD BOOK NUMBER
International Standard Book Number 1847426360 (pbk.)
035 ## - SYSTEM CONTROL NUMBER
System control number (OCoLC)ocn663446067
040 ## - CATALOGING SOURCE
Original cataloging agency UKM
Transcribing agency UKM
Modifying agency YDXCP
-- BWX
-- GSU
-- CDX
-- DLC
042 ## - AUTHENTICATION CODE
Authentication code lccopycat
043 ## - GEOGRAPHIC AREA CODE
Geographic area code e-uk-en
-- e-uk-wl
050 00 - LIBRARY OF CONGRESS CALL NUMBER
Classification number HV9146
Item number B35 2011
082 04 - DEWEY DECIMAL CLASSIFICATION NUMBER
Classification number 364.360942
Edition number 22
100 1# - MAIN ENTRY--PERSONAL NAME
Personal name Baker, Kerry,
Dates associated with a name 1971-
245 10 - TITLE STATEMENT
Title Assessment in youth justice /
Statement of responsibility, etc. by Kerry Baker, Gill Kerry and Bernadette Wilkinson.
260 ## - PUBLICATION, DISTRIBUTION, ETC.
Place of publication, distribution, etc. Bristol :
Name of publisher, distributor, etc. Policy,
Date of publication, distribution, etc. c2011.
300 ## - PHYSICAL DESCRIPTION
Extent vi, 218 p. :
Other physical details ill. ;
Dimensions 25 cm.
504 ## - BIBLIOGRAPHY, ETC. NOTE
Bibliography, etc. note Includes bibliographical references (p. 187-211) and indexes.
650 #0 - SUBJECT ADDED ENTRY--TOPICAL TERM
Topical term or geographic name entry element Juvenile justice, Administration of
Geographic subdivision England.
650 #0 - SUBJECT ADDED ENTRY--TOPICAL TERM
Topical term or geographic name entry element Juvenile justice, Administration of
Geographic subdivision Wales.
650 #0 - SUBJECT ADDED ENTRY--TOPICAL TERM
Topical term or geographic name entry element Problem youth
General subdivision Life skills assessment
Geographic subdivision England.
650 #0 - SUBJECT ADDED ENTRY--TOPICAL TERM
Topical term or geographic name entry element Problem youth
General subdivision Life skills assessment
Geographic subdivision Wales.
700 1# - ADDED ENTRY--PERSONAL NAME
Personal name Kelly, Gill.
700 1# - ADDED ENTRY--PERSONAL NAME
Personal name Wilkinson, Bernadette.
906 ## - LOCAL DATA ELEMENT F, LDF (RLIN)
a 7
b cbc
c copycat
d 2
e ncip
f 20
g y-gencatlg
942 ## - ADDED ENTRY ELEMENTS (KOHA)
Source of classification or shelving scheme Library of Congress Classification
Koha item type Books
Classification part 9146
Item part BAR
Call number prefix HV
Call number suffix 2011
Holdings
Withdrawn status Lost status Damaged status Not for loan Collection code Home library Current library Shelving location Date acquired Total Checkouts Full call number Barcode Date last seen Copy number Price effective from Koha item type
        Non-fiction City Campus Library City Campus Library General Stacks 11/04/2020   HV9146 BAR 2011 025805 11/04/2020 c.1 11/04/2020 Books
        Non-fiction City Campus Library City Campus Library General Stacks 11/04/2020   HV9146 BAR 2011 025804 11/04/2020 c.1 11/04/2020 Books